000
00314nam a2200121Ia 4500
008
240624s9999 xx 000 0 und d
041
_a
eng
082
_a
152.4 BAR
100
_a
BARRETT LISA FELDMAN
245
_a
HOW EMOTIONS ARE MADE THE SECRET LIFE OF
260
_c
2017
_a
New York
_b
Pan Macmillan
365
_c
RS
999
_c
30773
_d
30773